000 00572nam a2200229Ia 4500
003 OSt
005 20220918200909.0
006 a|||||r|||| 00| 0
007 ta
008 220917b |||||||| |||| 00| 0 eng d
024 _a90,708
037 _cTextual
040 _aARTS
_cARTS
_beng
041 _2eng
_aeng
082 _aVv:(Q:3), K3
100 _aRust Eric C
_995935
245 0 _aToward a theological understandings of history
260 _c1963
650 _aHISTORY
942 _hVv:(Q:3), K3
_cTEXL
_2CC
999 _c214369
_d214369